000 00802nam a2200205 a 4500
001 BRCA_6374
005 20190320205430.0
008 260811s1904----nyu#######---#000-0#spa-#
041 _aspa
044 _anyu
050 4 _aPQ6183
_b.B00 1904
245 1 0 _aRomancero general
_ben qve se contienen todos los Romances que andan impressos en las nueue partes de Romanceros
_cAora nvevamente impresso, añadido, y emendado
260 _aNueva York
_bDe Vinne press
_c1904
300 _a2 v.
_c21 cm.
500 _aReproducción facsimilar de la primera edición (España,1600)
500 _aThis edition of two hundred was printed in facsimile from the copy in the library of Archer M. Huntington, at the De Vinne Press, nineteen hundred and three.
500 _aK173
902 _aGFM
942 _2lcc
_cB
999 _c6060
_d6060